| 000 | 01175nam a2200313 a 4500 | ||
|---|---|---|---|
| 001 | ebr10005837 | ||
| 003 | CaPaEBR | ||
| 006 | m u | ||
| 007 | cr cn||||||||| | ||
| 008 | 011203s2001 enk sb 000 0 eng | ||
| 015 | _aGBA1-Z5000 | ||
| 016 | 7 |
_a1903047390 _2Uk |
|
| 020 | _z1903047390(pbk.) | ||
| 040 |
_aCaPaEBR _cCaPaEBR |
||
| 035 | _a(OCoLC)70731692 | ||
| 050 | 1 | 4 |
_aPR6066.R34 _bP635 2001eb |
| 082 | 0 | 4 |
_a823.914 _221 |
| 100 | 1 | _aButler, Andrew M. | |
| 245 | 1 | 4 |
_aThe pocket essential Terry Pratchett _h[electronic resource] / _cAndrew M. Butler. |
| 260 |
_aHarpenden : _bPocket Essentials, _c2001. |
||
| 300 | _a96 p. | ||
| 490 | 0 | _aPocket Essentials. Literature | |
| 504 | _aIncludes bibliographical references. | ||
| 533 |
_aElectronic reproduction. _bPalo Alto, Calif. : _cebrary, _d2013. _nAvailable via World Wide Web. _nAccess may be limited to ebrary affiliated libraries. |
||
| 600 | 1 | 0 |
_aPratchett, Terry _xCriticism and interpretation. |
| 655 | 7 |
_aElectronic books. _2local |
|
| 710 | 2 | _aebrary, Inc. | |
| 856 | 4 | 0 |
_uhttp://site.ebrary.com/lib/rucke/Doc?id=10005837 _zAn electronic book accessible through the World Wide Web; click to view |
| 999 |
_c3702 _d3702 |
||